| 000 -LEADER |
| fixed length control field |
02407cam a2200349 i 4500 |
| 001 - CONTROL NUMBER |
| control field |
17680349 |
| 005 - DATE AND TIME OF LATEST TRANSACTION |
| control field |
20240228092738.0 |
| 008 - FIXED-LENGTH DATA ELEMENTS--GENERAL INFORMATION |
| fixed length control field |
130401s2013 nyu b 001 0 eng |
| 010 ## - LIBRARY OF CONGRESS CONTROL NUMBER |
| LC control number |
2013010256 |
| 020 ## - INTERNATIONAL STANDARD BOOK NUMBER |
| International Standard Book Number |
9780071813044 (acidfree paper) |
| 020 ## - INTERNATIONAL STANDARD BOOK NUMBER |
| International Standard Book Number |
0071813047 (acidfree paper) |
| 040 ## - CATALOGING SOURCE |
| Original cataloging agency |
DLC |
| Language of cataloging |
eng |
| Transcribing agency |
DLC |
| Description conventions |
rda |
| Modifying agency |
DLC |
| 042 ## - AUTHENTICATION CODE |
| Authentication code |
pcc |
| 050 00 - LIBRARY OF CONGRESS CALL NUMBER |
| Classification number |
HF5718 |
| Item number |
.T87 2013 |
| 082 00 - DEWEY DECIMAL CLASSIFICATION NUMBER |
| Classification number |
650.1014 |
| Author Mark |
TUM |
| 100 1# - MAIN ENTRY--PERSONAL NAME |
| Personal name |
Tumlin, Geoffrey. |
| 9 (RLIN) |
121573 |
| 245 10 - TITLE STATEMENT |
| Title |
Stop talking, start communicating : |
| Remainder of title |
counterintuitive secrets to success in business and in life / |
| Statement of responsibility, etc. |
by Geoffrey Tumlin ; foreword by Martha Mendoza. |
| 264 #1 - PRODUCTION, PUBLICATION, DISTRIBUTION, MANUFACTURE, AND COPYRIGHT NOTICE |
| Place of production, publication, distribution, manufacture |
New York : |
| Name of producer, publisher, distributor, manufacturer |
McGraw-Hill Education, |
| Date of production, publication, distribution, manufacture, or copyright notice |
[2013] |
| 300 ## - PHYSICAL DESCRIPTION |
| Extent |
xii, 234 pages ; |
| Dimensions |
23 cm |
| 336 ## - CONTENT TYPE |
| Content type term |
text |
| Source |
rdacontent |
| 337 ## - MEDIA TYPE |
| Media type term |
unmediated |
| Source |
rdamedia |
| 338 ## - CARRIER TYPE |
| Carrier type term |
volume |
| Source |
rdacarrier |
| 504 ## - BIBLIOGRAPHY, ETC. NOTE |
| Bibliography, etc. note |
Includes bibliographical references (pages 221-224) and index. |
| 505 0# - FORMATTED CONTENTS NOTE |
| Formatted contents note |
Back up to go forward : we are neglecting three essential communication habits -- Invert your expectations : expect less from technology and more from people -- Lose your friends : important relationships are being trumped by people you barely know -- Stop talking : hyper-communication is the problem, not the solution -- Don't be yourself : it's an excuse for neanderthal behavior -- Play dumb : don't pin the tail on the donkey -- Question your questions : questions make many conversations worse -- Ignore your (tell-tale) heart : it wants you to talk without a plan -- Don't solve problems : you are messing around with far too many issues already -- Blow things off : protect what matters by letting go of what doesn't -- Let difficult people win : stop trying to impose your will on tough communicators -- Respond with weakness : bring a stick to a knife fight -- Overlook people -- Change the underlying conditions, not the person -- Take things off the table : just because you can talk about something doesn't mean that you should -- Be boring : most conversations are exciting for all the wrong reasons -- Give people what they want : few things connect like a story. |
| 650 #0 - SUBJECT ADDED ENTRY--TOPICAL TERM |
| Topical term or geographic name entry element |
Business communication. |
| 650 #0 - SUBJECT ADDED ENTRY--TOPICAL TERM |
| Topical term or geographic name entry element |
Success in business. |
| 650 #0 - SUBJECT ADDED ENTRY--TOPICAL TERM |
| Topical term or geographic name entry element |
Communication. |
| 650 #0 - SUBJECT ADDED ENTRY--TOPICAL TERM |
| Topical term or geographic name entry element |
Success. |
| 906 ## - LOCAL DATA ELEMENT F, LDF (RLIN) |
| a |
7 |
| b |
cbc |
| c |
orignew |
| d |
1 |
| e |
ecip |
| f |
20 |
| g |
y-gencatlg |
| 942 ## - ADDED ENTRY ELEMENTS (KOHA) |
| Source of classification or shelving scheme |
|
| Koha item type |
Book |